| 000 | 00647nam a2200229 a 4500 | ||
|---|---|---|---|
| 001 | 000048380 | ||
| 003 | DO-SdBNP | ||
| 005 | 20240313135413.0 | ||
| 007 | ta | ||
| 008 | 190218s2022 dr ac r 000 0 spa d | ||
| 020 | _a9780985477264 | ||
| 040 |
_aDO-SdBNP _bspa _cBNPHU |
||
| 082 | 4 | _222 | |
| 100 | 1 |
_aCórdova, Cuqui, _d1929-2020 _954809 |
|
| 245 | 1 | 0 |
_a Encanto poético / _cAna Arelys Cruz Cabrera |
| 260 |
_aSanto Domingo : _bAlfa y Omega, _c2022. |
||
| 300 |
_a102p. : _bil. ; _c23 cm. |
||
| 500 | _aIncluye datos biográficos de la autora en las solapas | ||
| 590 | _aInventariado, 2022/BT | ||
| 910 | _aBtavárez | ||
| 942 |
_2ddc _cLBS1 |
||
| 999 |
_c47868 _d47868 |
||